000 00981nam a2200253 a 4500
001 000011332
005 20250120084525.0
008 091016s1958 dr a 001 0 spa d
040 _aDO-SdBNP
_bspa
_cBNPHU
082 _aRD862.44
_bD671u
100 1 _aDomínguez, Franklin
_926932
245 1 3 _aEl último instante ; La broma del senador /
_cFranklin Domínguez ; prólogo Máximo Avilés Blonda.
246 1 3 _aLa broma del senador
260 _aCiudad Trujillo, República Dominicana :
_b[s.n.],
_c1958.
300 _a127 p. :
_bil. ;
_c22 cm.
490 1 _aSilbo vulnerado
505 0 _gPrólogo /
_rMáximo Avilés Blonda --
_tEl último instante --
_tLa broma del senador.
563 _aDos obras encuadernadas juntas con paginación continua.
650 0 _aTeatro dominicano
_9637
650 0 _aLiteratura dominicana.
_967
700 1 _aAvilés Blonda, Máximo,
_d1931-1988
_epról.
_97914
830 0 _aSilbo vulnerado
_924319
910 _aValidado. Control de calidad EMS
999 _c11039
_d11039